000 00431cam a2200169ua 4500
041 _aeng
_h
082 _a530
_bCLA/PH
100 _aClark, John B.
245 _aPhysical and mathematical tables /
_cJohn B Clark.
_hTextual Documents
260 _aEdinborough :
_bOliver and Boyd ,
_c1965.
300 _a91 ; .
500 _a**Reference
504 _a
700 1 _aAitken, Alexander C .
942 _cBK
999 _c3797
_d3797